000
00313nam a2200109Ia 4500
008
200302s9999 xx 000 0 und d
100
_a
Author
245
_a
Protective Clothing for Workers on Construction Sites Report on a Competition
260
_b
Her Majesty s Stationery Office
260
_c
1968
300
_a
30 P.,
999
_c
480
_d
480